[Event "Aragon-chT Preferente A"]
[Site "Aragon"]
[Date "2012.03.17"]
[Round "7.35"]
[White "Buil Montanes, Carlos"]
[Black "Navarro Alonso, Jorge Luis"]
[Result "0-1"]
[WhiteElo "1924"]
[BlackElo "2154"]
[PlyCount "66"]
[EventDate "2012.02.04"]
[EventType "team"]
[EventRounds "9"]
[EventCountry "ESP"]
[SourceTitle "EXT 2014"]
[Source "ChessBase"]
[SourceDate "2013.11.20"]
[SourceVersion "1"]
[SourceVersionDate "2013.11.20"]
[SourceQuality "1"]
[WhiteTeam "Caissa II"]
[BlackTeam "Helios"]
[WhiteTeamCountry "ESP"]
[BlackTeamCountry "ESP"]

1. d4 d5 2. Nf3 e6 3. c4 c6 4. Qc2 Nf6 5. Bf4 Nbd7 6. e3 Be7 7. h3 0-0 8. Bd3 dxc4 9. Bxc4 b5 10. Be2 Bb7 11. 0-0 a6 12. Rd1 Qb6 13. Nc3 c5 14. Rac1 Rac8 15. a3 cxd4 16. Rxd4 Bxf3 17. Bxf3 e5 18. Rxd7 Nxd7 19. Bg3 Rfd8 20. Qe4 Nc5 21. Qf5 Qe6 22. Qb1 f5 23. Rd1 e4 24. Be2 Bf6 25. Rxd8+ Rxd8 26. Bd1 Kh8 27. Ne2 g5 28. b4 Nd3 29. Bb3 Qc6 30. Ba2 Qd7 31. Kh2 h5 32. h4 f4 33. exf4 gxh4 0-1

[Event "Aragon-chT Preferente-B"]
[Site "Spain"]
[Date "2011.03.19"]
[Round "7.3"]
[White "Sancho Cortes, Miguel Angel"]
[Black "Buil Montanes, Carlos"]
[Result "1-0"]
[WhiteElo "2092"]
[BlackElo "1903"]
[PlyCount "57"]
[EventDate "2011.02.05"]
[EventType "team-tourn"]
[EventRounds "9"]
[EventCountry "ESP"]
[SourceTitle "EXT 2013"]
[Source "ChessBase"]
[SourceDate "2012.11.22"]
[SourceVersion "1"]
[SourceVersionDate "2012.11.22"]
[SourceQuality "1"]
[WhiteTeam "Marcos Frechin"]
[BlackTeam "Caissa II"]
[WhiteTeamCountry "ESP"]
[BlackTeamCountry "ESP"]

1. e4 c5 2. Nf3 e6 3. d4 cxd4 4. c3 Nf6 5. e5 Nd5 6. cxd4 d6 7. Bd3 Nc6 8. a3 Bd7 9. 0-0 Rc8 10. Nc3 Nxc3 11. bxc3 dxe5 12. dxe5 Qc7 13. Qe2 Be7 14. Rd1 Na5 15. Rb1 Bc6 16. Nd4 a6 17. f4 Bd5 18. f5 Bc5 19. Kh1 Nc6 20. fxe6 fxe6 21. Qh5+ Qf7 22. Qxf7+ Kxf7 23. Rxb7+ Ne7 24. Rf1+ Ke8 25. Rb1 Bxd4 26. cxd4 Nc6 27. Bxa6 Ra8 28. Bb7 Rb8 29. Bxc6+ 1-0

[Event "Aragon-chT Preferente-B"]
[Site "Spain"]
[Date "2011.03.13"]
[Round "6.3"]
[White "Buil Montanes, Carlos"]
[Black "Gimeno Garcia, David"]
[Result "0-1"]
[WhiteElo "1903"]
[BlackElo "1946"]
[PlyCount "56"]
[EventDate "2011.02.05"]
[EventType "team-tourn"]
[EventRounds "9"]
[EventCountry "ESP"]
[SourceTitle "EXT 2013"]
[Source "ChessBase"]
[SourceDate "2012.11.22"]
[SourceVersion "1"]
[SourceVersionDate "2012.11.22"]
[SourceQuality "1"]
[WhiteTeam "Caissa II"]
[BlackTeam "Olivar III"]
[WhiteTeamCountry "ESP"]
[BlackTeamCountry "ESP"]

1. d4 Nf6 2. c4 e5 3. dxe5 Ng4 4. Nf3 Bc5 5. e3 Nc6 6. Be2 Ngxe5 7. 0-0 0-0 8. Nc3 Re8 9. Nd5 d6 10. a3 a5 11. b3 Nxf3+ 12. Bxf3 Ne5 13. Bb2 c6 14. Nf4 Bf5 15. Be2 Qg5 16. Bd4 Rad8 17. Nh5 Ng4 18. Ng3 Bc8 19. Bf3 f5 20. Qd3 f4 21. Ne4 Qh4 22. h3 Bxd4 23. exd4 Nf6 24. Nxf6+ Qxf6 25. b4 Bf5 26. Qd2 Qg6 27. Rfe1 Bxh3 28. b5 Bxg2 0-1

[Event "Aragon-chT Preferente"]
[Site "Spain"]
[Date "2010.04.11"]
[Round "12.28"]
[White "Casado Gonzalez, Manuel"]
[Black "Buil Montanes, Carlos"]
[Result "1/2-1/2"]
[WhiteElo "1894"]
[BlackElo "1895"]
[PlyCount "42"]
[EventDate "2010.01.23"]
[EventType "team-swiss"]
[EventRounds "12"]
[EventCountry "ESP"]
[SourceTitle "EXT 2013"]
[Source "ChessBase"]
[SourceDate "2012.11.22"]
[SourceVersion "1"]
[SourceVersionDate "2012.11.22"]
[SourceQuality "1"]
[WhiteTeam "Ciudad del Compromiso"]
[BlackTeam "Caissa Hermanos Cortes II"]
[WhiteTeamCountry "ESP"]
[BlackTeamCountry "ESP"]

1. d4 d5 2. Nf3 Nf6 3. c4 dxc4 4. e3 Bg4 5. Bxc4 e6 6. 0-0 Nbd7 7. Nc3 Bb4 8. Bd2 0-0 9. Be2 c5 10. Na4 Bxd2 11. Qxd2 cxd4 12. Nxd4 Bxe2 13. Qxe2 Qa5 14. Nc3 a6 15. Rfd1 Rac8 16. Rac1 Rfd8 17. a3 Ne5 18. Nf3 Nc6 19. Rxd8+ Rxd8 20. Rd1 Rxd1+ 21. Qxd1 Qd8 1/2-1/2

[Event "Aragon-chT"]
[Site "Aragon"]
[Date "2009.02.28"]
[Round "5"]
[White "Buil Montanes, Carlos"]
[Black "Velamazan Gomez, Angel"]
[Result "1-0"]
[WhiteElo "1898"]
[BlackElo "1898"]
[PlyCount "59"]
[EventDate "2009.01.24"]
[EventType "team-swiss"]
[EventRounds "9"]
[EventCountry "ESP"]
[SourceTitle "EXT 2011"]
[Source "ChessBase"]
[SourceDate "2010.11.26"]
[SourceVersion "1"]
[SourceVersionDate "2010.11.26"]
[SourceQuality "1"]

1. c4 c5 2. Nf3 Nf6 3. Nc3 Nc6 4. g3 e6 5. Bg2 Be7 6. 0-0 d5 7. cxd5 Nxd5 8. d4 0-0 9. e4 Nxc3 10. bxc3 Qa5 11. Qb3 cxd4 12. cxd4 Qh5 13. Bf4 g5 14. Be3 g4 15. Nd2 Rd8 16. Qb2 e5 17. d5 Na5 18. Rac1 b6 19. f4 Ba6 20. Rfe1 f6 21. Bf1 Bxf1 22. Rxf1 Rac8 23. fxe5 fxe5 24. Rf5 Qg6 25. Rxc8 Rxc8 26. Qxe5 Rc1+ 27. Nf1 Bd6 28. Qb2 Rxf1+ 29. Kxf1 Nc4 30. Qc1 1-0

[Event "Cambados op 24th"]
[Site "Cambados"]
[Date "2008.08.03"]
[Round "3"]
[White "Buil Montanes, Carlos"]
[Black "Trigo Urquijo, Sergio"]
[Result "0-1"]
[WhiteElo "1882"]
[BlackElo "2200"]
[PlyCount "64"]
[EventDate "2008.08.01"]
[EventType "swiss"]
[EventRounds "9"]
[EventCountry "ESP"]
[SourceTitle "CBM 125 Extra"]
[Source "ChessBase"]
[SourceDate "2008.09.01"]
[SourceVersion "1"]
[SourceVersionDate "2008.09.01"]
[SourceQuality "1"]

1. d4 d5 2. c4 c6 3. Nf3 Nf6 4. cxd5 cxd5 5. Nc3 Nc6 6. Bf4 a6 7. e3 Bg4 8. h3 Bh5 9. Be2 e6 10. 0-0 Bd6 11. Bxd6 Qxd6 12. Rc1 0-0 13. Nh4 Bxe2 14. Qxe2 Ne4 15. Nf3 f5 16. Nd2 Rac8 17. Rfd1 Rc7 18. f4 g5 19. Ndxe4 fxe4 20. fxg5 Qg3 21. a3 Rcf7 22. Rf1 Rf3 23. Rxf3 exf3 24. Qf2 Qxg5 25. Kh2 Nxd4 26. Qg3 Qxg3+ 27. Kxg3 f2 28. Rf1 Nf5+ 29. Kf3 h5 30. Nd1 Nd6+ 31. Ke2 Ne4 32. Kd3 e5 0-1

[Event "Aragon-chT"]
[Site "Aragon"]
[Date "2008.04.26"]
[Round "12"]
[White "Lopez Capape, Armando"]
[Black "Buil Montanes, Carlos"]
[Result "1/2-1/2"]
[WhiteElo "1869"]
[BlackElo "1838"]
[PlyCount "53"]
[EventDate "2008.02.02"]
[EventType "team-swiss"]
[EventRounds "12"]
[EventCountry "ESP"]
[SourceTitle "EXT 2011"]
[Source "ChessBase"]
[SourceDate "2010.11.26"]
[SourceVersion "1"]
[SourceVersionDate "2010.11.26"]
[SourceQuality "1"]

1. d4 e6 2. Nf3 f5 3. d5 Bb4+ 4. c3 Bd6 5. dxe6 dxe6 6. Bg5 Nf6 7. e3 Be7 8. Qxd8+ Bxd8 9. Bc4 Nd5 10. Bxd8 Kxd8 11. Na3 c6 12. e4 Nc7 13. 0-0-0+ Ke7 14. exf5 Nd5 15. Rhe1 Kf6 16. fxe6 Bxe6 17. Nd4 Bf7 18. Rd2 Nd7 19. g3 Rhe8 20. Rde2 Ne5 21. f4 Nxc4 22. Nxc4 Rxe2 23. Rxe2 Nxc3 24. bxc3 Bxc4 25. Rb2 c5 26. Nf3 b6 27. Ne5 1/2-1/2

[Event "Aragon-chT"]
[Site "Aragon"]
[Date "2008.02.02"]
[Round "1"]
[White "Buil Montanes, Carlos"]
[Black "Velamazan Gomez, Angel"]
[Result "1/2-1/2"]
[WhiteElo "1838"]
[BlackElo "1960"]
[PlyCount "92"]
[EventDate "2008.02.02"]
[EventType "team-swiss"]
[EventRounds "12"]
[EventCountry "ESP"]
[SourceTitle "EXT 2011"]
[Source "ChessBase"]
[SourceDate "2010.11.26"]
[SourceVersion "1"]
[SourceVersionDate "2010.11.26"]
[SourceQuality "1"]

1. c4 Nf6 2. Nc3 g6 3. g3 Bg7 4. Bg2 d6 5. d3 0-0 6. Nf3 c6 7. 0-0 Qc7 8. Rb1 Re8 9. b4 e5 10. Nd2 Be6 11. e4 Nbd7 12. Nb3 Rad8 13. b5 Nf8 14. Qe2 d5 15. cxd5 cxd5 16. Bd2 d4 17. Na4 Bxb3 18. Rxb3 Ne6 19. Rc1 Qb8 20. Rbb1 Rc8 21. Bh3 Rxc1+ 22. Rxc1 b6 23. Bxe6 Rxe6 24. Nb2 Nd7 25. f4 Bf8 26. f5 Re8 27. fxg6 hxg6 28. Nc4 Nc5 29. Qf3 Qd8 30. Rb1 Qd7 31. Kg2 Bg7 32. Bb4 Re6 33. Bxc5 bxc5 34. a4 Bf6 35. Qe2 Bd8 36. a5 Qb7 37. Kg1 Bc7 38. Qa2 Kg7 39. Qa3 f5 40. Qxc5 fxe4 41. a6 Qb8 42. dxe4 Rxa6 43. Qe7+ Kh6 44. Qh4+ Kg7 45. Qe7+ Kh6 46. Qh4+ Kg7 1/2-1/2

[Event "Oviedo op"]
[Site "Oviedo"]
[Date "2007.07.29"]
[Round "9"]
[White "Miranda Gonzalez, Jose Luis"]
[Black "Buil Montanes, Carlos"]
[Result "1/2-1/2"]
[WhiteElo "1990"]
[BlackElo "1920"]
[PlyCount "99"]
[EventDate "2007.07.21"]
[EventType "swiss"]
[EventRounds "9"]
[EventCountry "ESP"]
[SourceTitle "EXT 2008"]
[Source "ChessBase"]
[SourceDate "2007.11.25"]
[SourceVersion "1"]
[SourceVersionDate "2007.11.25"]
[SourceQuality "1"]

1. e4 e6 2. d4 d5 3. e5 c5 4. c3 Nc6 5. Nf3 Bd7 6. Be2 Nge7 7. Na3 Ng6 8. Nc2 Be7 9. 0-0 0-0 10. Be3 cxd4 11. cxd4 f6 12. exf6 Bxf6 13. Bd3 Be8 14. Qd2 e5 15. dxe5 Ncxe5 16. Nxe5 Bxe5 17. Nd4 Qf6 18. Bc2 Nf4 19. g3 Nh3+ 20. Kg2 Bxd4 21. Qxd4 Qf3+ 22. Kxh3 Bd7+ 23. Kh4 Qg2 24. Qxd5+ Qxd5 25. Bb3 Qxb3 26. axb3 Rf5 27. Rfd1 Bc6 28. Rd4 h6 29. f4 Re8 30. Re1 Rb5 31. b4 g5+ 32. Kh3 Bf3 33. g4 gxf4 34. Rxf4 Bc6 35. Bd2 Rxe1 36. Bxe1 Re5 37. Bc3 Rg5 38. Rf5 Rxf5 39. gxf5 Bf3 40. Kg3 Bd1 41. Kf4 Kf7 42. Ke5 a6 43. Kd6 Be2 44. Kc7 Bf3 45. Kb6 Bg2 46. h4 h5 47. b5 axb5 48. Kxb5 Bf3 49. Kc5 Bd1 50. Kd6 1/2-1/2

[Event "Aragon-chT Autonomico"]
[Site "Aragon"]
[Date "2007.02.03"]
[Round "2"]
[White "Laplaza Ara, Carlos"]
[Black "Buil Montanes, Carlos"]
[Result "1-0"]
[WhiteElo "2043"]
[BlackElo "1917"]
[PlyCount "71"]
[EventDate "2007.01.27"]
[EventType "team"]
[EventRounds "9"]
[EventCountry "ESP"]
[SourceTitle "EXT 2008"]
[Source "ChessBase"]
[SourceDate "2007.11.25"]
[SourceVersion "1"]
[SourceVersionDate "2007.11.25"]
[SourceQuality "1"]
[WhiteTeam "Huesca Club Atletismo"]
[BlackTeam "Caissa II"]
[WhiteTeamCountry "ESP"]
[BlackTeamCountry "ESP"]

1. d4 e6 2. c4 f5 3. Nf3 Nf6 4. Nc3 d5 5. e3 c6 6. Bd3 Bd6 7. 0-0 0-0 8. Ne5 Nbd7 9. cxd5 Nxd5 10. f4 Nxc3 11. bxc3 Nxe5 12. fxe5 Be7 13. Qb3 Qb6 14. Ba3 Qxb3 15. axb3 Rf7 16. Bxe7 Rxe7 17. b4 Bd7 18. Rf2 Be8 19. Rfa2 a6 20. c4 Rb8 21. Ra5 Kf7 22. Rb1 h6 23. Kf2 Kf8 24. b5 axb5 25. cxb5 cxb5 26. Bxb5 Bxb5 27. Raxb5 Rc7 28. Rb6 Kf7 29. R1b5 g6 30. Kf3 Re7 31. h4 Kg7 32. Kf4 Kf7 33. e4 fxe4 34. Kg4 Rd7 35. Rb2 g5 36. Rf2+ 1-0